| 000 | 00844pab a2200169 454500 | ||
|---|---|---|---|
| 008 | 180718b2002 xxu||||| |||| 00| 0 eng d | ||
| 100 | _aBanerjee, Sumanta | ||
| 245 | _aNepal: a new flashpoint? | ||
| 260 | _c2002 | ||
| 300 | _ap.3715-716. | ||
| 362 | _a7 Sep | ||
| 520 | _aIt is not surprising that the Nepal government is eager to brand the Maoists as terrorists and tie its actions against them to the US-led anti-terrorist compaign and obtain arms and ammunition. The Maoists have become a threat to the monarch and the ruling interests, rallying as they have the hitherto dispossessed mainly from the depressed castes from far-flung rural areas against local feudal lords. - Reproduced. | ||
| 650 | _aNepal - Politics and government | ||
| 650 | _aPolitics and government | ||
| 773 | _aEconomic and Political Weekly | ||
| 909 | _a53721 | ||
| 999 |
_c53721 _d53721 |
||